000
00383nam a2200145Ia 4500
008
090124s9999 xx 000 0 und d
082
_b
6377
245
_a
सर्वस्वी तुझीच
250
_a
0
260
_c
1974
300
_a
156
630
_a
सर्वस्वी तुझीच
730
_a
सर्वस्वी तुझीच
942
_c
BOOK
999
_c
85254
_d
85254